Từ vựng tiếng Trung Quốc/ 汉语词汇教程

Zapisane w:
Opis bibliograficzny
1. autor: 孙德金
Format: Książka
Język:Chinese
Wydane: 北京语言文化大学 2000
Hasła przedmiotowe:
Etykiety: Dodaj etykietę
Nie ma etykietki, Dołącz pierwszą etykiete!
Thư viện lưu trữ: Mạng thư viện Đại học Đà Nẵng
LEADER 01132cam a22003251a 4500
001 000036123
003 12416
005 20160328000000.0
008 160328s2000 000 chi
041 |a chi 
082 |a 495.181  |b TƯ-V 
100 |a 孙德金 
245 |a Từ vựng tiếng Trung Quốc/ 汉语词汇教程  |c 孙德金 
260 |a 北京语言文化大学  |c 2000 
300 |a 190tr . : mh ; 30cm 
650 |a Từ vựng tiếng Trung Quốc, 汉语词汇教程, 孙德金, Trung Quốc, Từ vựng tiếng Trung, 4152482 
852 |b Chuyên đề  |c Giáo trình 
OWN |a LNN 
AVA |a UDN50  |b LNN  |d 495.181 TƯ-V  |e available  |t Error 5001 Not defined in file expand_doc_bib_avail.  |f 1  |g 0  |h N  |i 0  |k 1 
999 |a From the UDN01 
AVA |a UDN50  |b LNN  |d 495.181 TƯ-V  |e available  |t Error 5001 Not defined in file expand_doc_bib_avail.  |f 1  |g 0  |h N  |i 0  |k 1 
TYP |a Monograph 
TYP |a Printed language 
980 |a Mạng thư viện Đại học Đà Nẵng